| 000 | 01439cam a22004094i 4500 | ||
|---|---|---|---|
| 003 | PE-LiUPU | ||
| 005 | 20250731184100.0 | ||
| 008 | 181003s2008 sp a rb 000 0 spa d | ||
| 020 | _a9788432231797 | ||
| 020 | _a8432231797 | ||
| 035 | _a(Sirsi) a250264 | ||
| 040 |
_aPE-LiUPU _bspa _cPE-LiUPU _erda |
||
| 049 | _aPRUA | ||
| 082 | 0 | 4 |
_a863.64 _bM86 _220 |
| 100 | 1 |
_aMoro, Javier, _eautor. |
|
| 245 | 1 | 3 |
_aEl sari rojo / _cJavier Moro. |
| 246 | 1 |
_iSubtítulo de la cubierta: _aCuando la vida es el precio del poder |
|
| 264 | 1 |
_aBarcelona : _bSeix Barral, _c2008. |
|
| 300 |
_a557 páginas : _bilustraciones ; _c24 centímetros |
||
| 336 |
_atext _2rdacontent |
||
| 337 |
_aunmediated _2rdamedia |
||
| 338 |
_avolume _2rdacarrier |
||
| 504 | _aBibliografía: páginas 551-553. | ||
| 505 | 0 | _aLa diosa Durga cabalga sobre un tigre -- El ángel exterminador -- La soledad y el poder -- La mano oculta del destino. | |
| 526 | _aP145 | ||
| 526 | _aP127 | ||
| 526 | _aP97 | ||
| 526 | _aP14 | ||
| 526 | _aP07 | ||
| 650 | 2 | 8 |
_aNovelas españolas _y-Siglo XX. |
| 910 |
_adbm _bsag _csag _d20181003 |
||
| 942 |
_2ddc _cBOOK |
||
| 994 |
_aC0 _bPEPRU |
||
| 596 | _a1 | ||
| 999 |
_a863.64 M86 _wDEWEY _c29773 _i79405 _f2021-11-9 _g4 _lCCODEBUL1 _mBUL _p15.00 _r0 _sY _tBOOK _u2018-10-3 _xEDUCACION _zUNKNOWN _0UNKNOWN _o.STAFF. Colección Ciencias Humanas y Educación _d29773 |
||
| 980 |
_81 _gALBERTO SANCHEZ Responsable de Automatización |
||